Hayvanlar Aleminden Masallar - 8 Uğur Böceklerinin Kahvaltısı (Record no. 1291266)

MARC details
000 -LEADER
sabit uzunluktaki kontrol alanı 00322nam a2200109Ia 4500
001 - KONTROL NUMARASI
kontrol alanı 1291266
005 - EN SON İŞLEMİN TARİH VE ZAMANI
kontrol alanı 20260417165558.0
008 - SABİT-UZUNLUKTA VERİ ÖĞELERİ--GENEL BİLGİ
sabit uzunluktaki kontrol alanı 260417s9999 xx 000 0 und d
020 ## - ULUSLARARASI STANDART KİTAP NUMARASI
Uluslararası Standart Kitap Numarası 9786258317909
245 #0 - ESER / YAZAR
ESER ADI Hayvanlar Aleminden Masallar - 8 Uğur Böceklerinin Kahvaltısı
Yazar Adı Yasemin Katı
260 ## - YAYIN, DAĞITIM, VB.
YAYIN EVİ Beyan Yayınları
Holdings
Düşüm durumu Kayıp durumu Hasar Durumu Ödünç verilmez Ana kütüphane Geçerli Kütüphane Edinilen tarih Toplam ödünç verme sayısı Barkod Son görüntüleme tarihi Fiyatın geçerli olmaya başladığı tarih Koha materyal türü
        SELÇUKLU BELEDİYESİ İLKOKULU SELÇUKLU BELEDİYESİ İLKOKULU 17.04.2026   1086353 17.04.2026 17.04.2026 Books